000 00606cam a22002171 4500
001 ne 68003030
003 DLC
005 20260227111845.0
008 900703s1967 ua 000 1 arar
010 _ane 68003030
025 _aPL480:UAR-9664
035 _a(OCoLC)21959918
040 _aDLC
_cWaU
_dWaU
_dDLC
042 _apremarc
050 0 0 _aPJ7862.H212
_bH3
100 1 _aShalabī, Maḥmūd.
245 1 0 _aḤayāt Ibrāhīm
_c[taʼlīf] Maḥmūd Shalabī.
260 _aMiṣr,
_bMaktabat al-Qāhirah
_c[1967]
300 _a463 p.
_c24 cm.
600 0 0 _aAbraham
_c(Biblical patriarch)
_vFiction.
999 _c50668
_d50668